[Event "World Rapid Women 2017"]
[Site "Riyadh KSA"]
[Date "2017.12.26"]
[Round "5.23"]
[White "Socko, Monika"]
[Black "Kulon, Klaudia"]
[Result "1-0"]
[WhiteTitle "GM"]
[BlackTitle "WGM"]
[WhiteElo "2471"]
[BlackElo "2370"]
[WhiteFideId "1106619"]
[BlackFideId "1131044"]
[EventDate "2017.12.26"]

1. d4 Nf6 2. c4 g6 3. Nf3 Bg7 4. g3 O-O 5. Bg2 d6 6. O-O Nc6 7. Nc3 e5 8. dxe5
dxe5 9. Bg5 Be6 10. Qa4 Qb8 11. Rad1 Nd7 12. Nd5 h6 13. Be3 Rd8 14. a3 Nb6 15.
Bxb6 axb6 16. Qc2 e4 17. Qxe4 Bxb2 18. Qf4 Bg7 19. Qxc7 Qxc7 20. Nxc7 Bxc4 21.
Nxa8 Rxa8 22. Rd7 Rxa3 23. Rc1 Bxe2 24. Rxb7 Na5 25. Rb8+ Kh7 26. Nd2 Ra2 27.
Rd8 b5 28. Re1 Bg4 29. Rb1 Nc4 30. Nf1 Na3 31. Rb3 Be6 32. Bd5 Bf6 33. Rf3 Bxd8
34. Bxa2 Bxa2 35. Rxa3 Be6 36. Ra8 Bf6 37. Rb8 Bc4 38. Ne3 Bd3 39. Nd5 Be5 40.
Re8 Bg7 41. Re7 Kg8 42. Rb7 Be5 43. Ne7+ Kg7 44. Nc6 Be4 45. Rxb5 Bxc6 46. Rxe5
h5 47. f4 Ba4 48. Kf2 Bb3 49. Ke3 Kf6 50. Rb5 Bc4 51. Rb6+ Be6 52. Ke4 Kg7 53.
Ke5 Bf5 54. Rb7 Bd3 55. Rb2 Bf5 56. Rf2 Bc8 57. Rd2 Bg4 58. Rd6 Bf5 59. Kd4 Bg4
60. Ke3 Bf5 61. Kf3 Bh3 62. Rb6 Kg8 63. Ke4 Kg7 64. Ke5 Bg4 65. Kd6 Bh3 66. Ke7
Bf1 67. Rf6 Bc4 68. h3 Bb3 69. f5 gxf5 70. Rxf5 Kg6 71. Rf6+ Kg7 72. Rb6 Bc4 73.
h4 Bd3 74. Rd6 Bg6 75. Rd5 Kh6 76. Kf6 Kh7 77. Rd8 Kh6 78. Rh8+ Bh7 79. Rxh7+
Kxh7 80. Kxf7 1-0

[Event "World Rapid Women 2017"]
[Site "Riyadh KSA"]
[Date "2017.12.26"]
[Round "5.24"]
[White "Atalik, Ekaterina"]
[Black "Fierro Baquero, Martha L."]
[Result "1-0"]
[WhiteTitle "IM"]
[BlackTitle "IM"]
[WhiteElo "2451"]
[BlackElo "2369"]
[WhiteFideId "4130189"]
[BlackFideId "3600270"]
[EventDate "2017.12.26"]

1. d4 g6 2. Nf3 Bg7 3. g3 Nf6 4. Bg2 O-O 5. O-O d6 6. b3 e5 7. dxe5 Ng4 8. Bb2
Nc6 9. c4 dxe5 10. h3 Nh6 11. Qc1 Nf5 12. Rd1 Qe7 13. Nc3 Be6 14. e3 Rfd8 15.
Nd5 Bxd5 16. cxd5 Nb4 17. a3 Na6 18. Nd2 Nc5 19. Qc2 a5 20. Rac1 b6 21. d6 Nxd6
22. Bxa8 Rxa8 23. Nc4 Nxc4 24. Qxc4 h5 25. b4 axb4 26. axb4 Ne6 27. Bxe5 Bxe5
28. Qd5 Re8 29. Qxe5 Qxb4 30. Rd7 Qa5 31. Qf6 Rf8 32. Kg2 Qa8+ 33. Kh2 Qe4 34.
h4 c5 35. Qb2 Qc6 36. Rd2 b5 37. Rcd1 b4 38. Qb3 Qf3 39. Qc4 Rb8 40. Kg1 b3 41.
Rb1 Rb4 42. Qc3 Kh7 43. Rxb3 Rxb3 44. Qxb3 Nd4 45. Qd1 Qxd1+ 46. Rxd1 Ne6 47. f3
Kg7 48. Kf2 Kf6 49. Rd5 Ke7 50. e4 Kf6 51. Ke3 Ke7 52. f4 Kf6 53. f5 gxf5 54.
exf5 Nd4 55. Ke4 Ne2 56. Rd6+ Ke7 57. Ke5 Nxg3 58. f6+ Ke8 59. Rc6 Kd7 60. Rxc5
Ne2 61. Ra5 Nc3 62. Ra7+ Ke8 63. Re7+ 1-0

[Event "World Rapid Women 2017"]
[Site "Riyadh KSA"]
[Date "2017.12.26"]
[Round "5.25"]
[White "Sukandar, Irine Kharisma"]
[Black "Charochkina, Daria"]
[Result "0-1"]
[WhiteTitle "IM"]
[BlackTitle "IM"]
[WhiteElo "2384"]
[BlackElo "2317"]
[WhiteFideId "7101937"]
[BlackFideId "4180917"]
[EventDate "2017.12.26"]

1. e4 c6 2. d4 d5 3. Nc3 dxe4 4. Nxe4 Bf5 5. Ng3 Bg6 6. h4 h6 7. Nf3 Nd7 8. h5
Bh7 9. Bd3 Bxd3 10. Qxd3 e6 11. Bd2 Ngf6 12. O-O-O Be7 13. Qe2 Qb6 14. c4 O-O
15. Bc3 Qa6 16. Kb1 b5 17. d5 cxd5 18. cxd5 Bc5 19. Ne5 Nxe5 20. Bxe5 Nxd5 21.
Ne4 Be7 22. g4 f6 23. Bd4 Rad8 24. Bc5 Qb7 25. Bxe7 Qxe7 26. Qxb5 Rb8 27. Qa5
Rb4 28. f3 Rfb8 29. Rd2 Ne3 30. Nd6 Qxd6 31. Rxd6 Rxb2+ 0-1

[Event "World Rapid Women 2017"]
[Site "Riyadh KSA"]
[Date "2017.12.26"]
[Round "5.26"]
[White "Khukhashvili, Sopiko"]
[Black "Batchimeg, Tuvshintugs"]
[Result "0-1"]
[WhiteTitle "IM"]
[BlackTitle "IM"]
[WhiteElo "2312"]
[BlackElo "2398"]
[WhiteFideId "13602055"]
[BlackFideId "4900839"]
[EventDate "2017.12.26"]

1. e4 e6 2. b3 d5 3. Bb2 d4 4. Nf3 c5 5. e5 Nc6 6. a3 Nge7 7. Bd3 Ng6 8. Bxg6
fxg6 9. Qe2 Be7 10. d3 O-O 11. Nbd2 Qd5 12. O-O g5 13. h3 Rf4 14. g3 Rf5 15. c4
dxc3 16. Bxc3 b6 17. Qe4 Ba6 18. g4 Rf4 19. Qe3 Qxd3 20. Rfe1 Rd8 21. Kg2 Bb7
22. Kg3 Qc2 23. Rac1 Qg6 24. Ne4 Rdf8 25. Nfd2 h5 26. f3 Nd8 27. Rf1 Nf7 28. b4
Ba6 29. Rf2 Rd8 30. bxc5 Rd3 31. Qe1 bxc5 32. Bb2 Nh6 33. gxh5 Qxh5 34. Rxc5
Nf5+ 35. Kg2 Bxc5 36. Nxc5 Re3 37. Qd1 Rexf3 38. Kg1 Rg3+ 0-1

[Event "World Rapid Women 2017"]
[Site "Riyadh KSA"]
[Date "2017.12.26"]
[Round "5.27"]
[White "Hoang, Thanh Trang"]
[Black "Hoang, Thi Bao Tram"]
[Result "0-1"]
[WhiteTitle "GM"]
[BlackTitle "WGM"]
[WhiteElo "2439"]
[BlackElo "2410"]
[WhiteFideId "12400149"]
[BlackFideId "12401102"]
[EventDate "2017.12.26"]

1. d4 d5 2. Bf4 c5 3. e3 cxd4 4. exd4 Nc6 5. c3 Nf6 6. Nd2 Bf5 7. Ngf3 e6 8. Qb3
Qc8 9. Be2 Be7 10. h3 O-O 11. O-O a6 12. Rac1 b5 13. a4 Na5 14. Qa2 Qb7 15. b4
Nc4 16. Nxc4 bxc4 17. a5 Ne4 18. Rfe1 Nd6 19. Ne5 Nb5 20. Bf3 Bd6 21. g4 Bxe5
22. Bxe5 Bd3 23. Qd2 Rae8 24. Bg2 Qd7 25. h4 Qd8 26. Bg3 Nd6 27. Qf4 Ne4 28.
Bxe4 dxe4 29. h5 h6 30. Kg2 Qd5 31. Qe5 f5 32. Qxd5 exd5 33. gxf5 Rxf5 34. Ra1
Rxh5 35. b5 Rf5 36. bxa6 Ra8 37. Re3 Rxa6 38. Bc7 Rff6 39. Rg1 Ra7 40. Bd8 Rf8
41. Bb6 Raf7 42. f3 exf3+ 43. Kf2 Be4 44. a6 Rf6 45. Bc5 Rxa6 46. Bxf8 Kxf8 47.
Kg3 g5 48. Rge1 Ra3 49. Kg4 Kg7 50. Kg3 Kg6 51. Rf1 h5 52. Rf2 Ra1 53. Rb2 h4+
54. Kf2 g4 0-1

[Event "World Rapid Women 2017"]
[Site "Riyadh KSA"]
[Date "2017.12.26"]
[Round "5.28"]
[White "Zawadzka, Jolanta"]
[Black "Nakhbayeva, Guliskhan"]
[Result "1-0"]
[WhiteTitle "WGM"]
[BlackTitle "WGM"]
[WhiteElo "2424"]
[BlackElo "2314"]
[WhiteFideId "1122320"]
[BlackFideId "13704788"]
[EventDate "2017.12.26"]

1. e4 e6 2. d4 d5 3. Nc3 Bb4 4. Ne2 Nc6 5. a3 Ba5 6. b4 Bb6 7. Bb2 Nge7 8. g3
dxe4 9. Nxe4 f5 10. Ng5 a5 11. Bg2 axb4 12. axb4 Rxa1 13. Bxa1 Nxb4 14. c3 Nbc6
15. Nf4 Ng6 16. Qh5 Ne7 17. O-O Qd6 18. Re1 Kf8 19. Nfxe6+ Kg8 20. c4 Ba5 21. c5
Qa6 22. Bf1 b5 23. cxb6 Qxb6 24. Rc1 h6 25. Nxc7 hxg5 26. Qxg5 Rh6 27. d5 Kh7
28. Ne8 Nxd5 29. Bxg7 Rxh2 30. Kxh2 Qxf2+ 31. Bg2 Ne3 32. Qh5+ Kg8 33. Qf3 Ng4+
34. Kh1 Qd2 35. Rxc8 Qe1+ 36. Bf1 Kf7 37. Qxf5+ Ke7 38. Bf6+ Nxf6 39. Qxf6+ Kd7
40. Qf5+ Ke7 41. Rc2 Bc3 42. Re2+ 1-0

[Event "World Rapid Women 2017"]
[Site "Riyadh KSA"]
[Date "2017.12.26"]
[Round "5.29"]
[White "Cori T., Deysi"]
[Black "Buksa, Nataliya"]
[Result "0-1"]
[WhiteTitle "WGM"]
[BlackTitle "WGM"]
[WhiteElo "2389"]
[BlackElo "2385"]
[WhiteFideId "3801934"]
[BlackFideId "14123622"]
[EventDate "2017.12.26"]

1. d4 d5 2. Nf3 e6 3. c4 Nf6 4. e3 Nbd7 5. Nbd2 Be7 6. Bd3 O-O 7. O-O b6 8. Qe2
c5 9. Rd1 Bb7 10. e4 dxe4 11. Nxe4 cxd4 12. Nxd4 Nxe4 13. Bxe4 Bxe4 14. Qxe4 Nc5
15. Qf3 Qc8 16. Be3 Bf6 17. Rac1 e5 18. Nf5 e4 19. Qg4 Nd3 20. Bd4 Qe6 21. Bxf6
Qxf6 22. Rc2 Rfe8 23. b3 h5 24. Qxh5 Re5 25. g4 Nf4 26. Qh4 Rxf5 27. Qg3 Re5 28.
Rcd2 Rae8 29. Rd7 Ne2+ 0-1

[Event "World Rapid Women 2017"]
[Site "Riyadh KSA"]
[Date "2017.12.26"]
[Round "5.30"]
[White "Saduakassova, Dinara"]
[Black "Shuvalova, Polina"]
[Result "1-0"]
[WhiteTitle "IM"]
[BlackTitle "WIM"]
[WhiteElo "2460"]
[BlackElo "2385"]
[WhiteFideId "13700090"]
[BlackFideId "24171760"]
[EventDate "2017.12.26"]

1. d4 Nf6 2. c4 e6 3. Nc3 Bb4 4. Qc2 d5 5. cxd5 exd5 6. Bg5 O-O 7. Nf3 c6 8. e3
Bg4 9. Ne5 Bh5 10. Bd3 Bg6 11. Nxg6 hxg6 12. h4 Qd6 13. h5 Nxh5 14. O-O-O Re8
15. Rh3 Nd7 16. Rdh1 Qe6 17. Ne2 Bd6 18. Nf4 Bxf4 19. exf4 Qg4 20. f3 Qe6 21. f5 1-0

[Event "World Rapid Women 2017"]
[Site "Riyadh KSA"]
[Date "2017.12.26"]
[Round "5.31"]
[White "Charkhalashvili, Inga"]
[Black "Fataliyeva, Ulviyya"]
[Result "0-1"]
[WhiteTitle "WGM"]
[BlackTitle "WGM"]
[WhiteElo "2355"]
[BlackElo "2384"]
[WhiteFideId "13601431"]
[BlackFideId "13403052"]
[EventDate "2017.12.26"]

1. d4 e6 2. c4 Nf6 3. Nf3 d5 4. Nc3 c6 5. e3 Nbd7 6. Bd3 dxc4 7. Bxc4 b5 8. Bd3
Bb7 9. e4 a6 10. O-O Be7 11. e5 Nd5 12. Ne4 h6 13. Qe2 Nb4 14. Bb1 c5 15. dxc5
Nxc5 16. Rd1 Nd5 17. Ng3 Qb6 18. Nh5 Kf8 19. h3 g6 20. Ng3 Kg7 21. Nd4 Rad8 22.
Qg4 h5 23. Qe2 h4 24. Nf1 Rh5 25. Nh2 Na4 26. Nhf3 Bc5 27. Qe1 Ne7 28. Be3 Bxf3
29. Nxf3 Rxd1 30. Qxd1 Bxe3 31. fxe3 Qxe3+ 32. Kh1 Nxb2 33. Qd8 Nd5 34. Bxg6 Rh8
35. Qd7 Kxg6 36. Rf1 Rf8 37. Nxh4+ Kg7 38. Nf5+ exf5 39. Qxd5 Qd3 0-1

[Event "World Rapid Women 2017"]
[Site "Riyadh KSA"]
[Date "2017.12.26"]
[Round "5.32"]
[White "Papp, Petra"]
[Black "Lagno, Kateryna"]
[Result "0-1"]
[WhiteTitle "WGM"]
[BlackTitle "GM"]
[WhiteElo "2313"]
[BlackElo "2547"]
[WhiteFideId "739049"]
[BlackFideId "14109336"]
[EventDate "2017.12.26"]

1. e4 c5 2. Nf3 d6 3. d4 cxd4 4. Nxd4 Nf6 5. Nc3 Nc6 6. Bg5 e6 7. Qd2 Be7 8.
O-O-O a6 9. f4 Bd7 10. Nf3 b5 11. Bxf6 gxf6 12. Kb1 Qb6 13. f5 h5 14. g3 Ne5 15.
Nxe5 fxe5 16. Bh3 b4 17. Ne2 a5 18. Nc1 Rc8 19. Nd3 Qd4 20. Rhe1 Ba4 21. b3 Bd7
22. Nb2 h4 23. fxe6 fxe6 24. Bg4 Qxd2 25. Rxd2 hxg3 26. hxg3 Rc3 27. Nc4 Rxg3
28. Bd1 Rgh3 29. Nxd6+ Bxd6 30. Rxd6 Ke7 31. Rd2 Rh1 32. Rxh1 Rxh1 33. Kb2 Re1
34. Bf3 Bc6 35. a3 Bxe4 36. Bxe4 Rxe4 37. axb4 axb4 38. c3 Kf6 39. cxb4 Rxb4 40.
Kc3 Rb8 41. Rf2+ Kg5 42. Rf1 Rd8 43. b4 e4 44. b5 e3 45. b6 Kg4 46. b7 e2 47.
Rb1 Kf3 48. Kc4 Kf2 49. b8=Q Rxb8 50. Rxb8 e1=Q 51. Rf8+ Ke3 52. Re8 Kf4 53. Kc5
e5 54. Kd5 Qe4+ 0-1

[Event "World Rapid Women 2017"]
[Site "Riyadh KSA"]
[Date "2017.12.26"]
[Round "5.33"]
[White "Skripchenko, Almira"]
[Black "Berend, Elvira"]
[Result "1/2-1/2"]
[WhiteTitle "IM"]
[BlackTitle "WGM"]
[WhiteElo "2403"]
[BlackElo "2303"]
[WhiteFideId "13900145"]
[BlackFideId "4000510"]
[EventDate "2017.12.26"]

1. e4 e5 2. Nf3 Nc6 3. Bc4 Bc5 4. O-O d6 5. c3 Nf6 6. d4 Bb6 7. dxe5 Nxe5 8.
Nxe5 dxe5 9. Qxd8+ Kxd8 10. Nd2 Ke7 11. h3 Be6 12. Re1 Rhd8 13. Bf1 c6 14. Nc4
Bc7 15. a4 Kf8 16. a5 h6 17. f3 Kg8 18. Be3 Nd7 19. b4 b5 20. axb6 axb6 21. Kf2
Kf8 22. h4 h5 23. Red1 Ke7 24. Be2 f6 25. g3 Rdb8 26. f4 Bg4 27. Bxg4 hxg4 28.
f5 b5 29. Nd2 Bb6 30. Nf1 c5 31. Nh2 cxb4 32. cxb4 Bxe3+ 33. Kxe3 Nb6 34. Nxg4
Rc8 35. Rxa8 Rxa8 36. Nf2 Ra2 37. Kf3 Nc4 38. Rd5 Nd2+ 39. Ke3 Nf1+ 40. Kf3 Nh2+
41. Ke3 Nf1+ 42. Kf3 Nh2+ 43. Ke3 1/2-1/2

[Event "World Rapid Women 2017"]
[Site "Riyadh KSA"]
[Date "2017.12.26"]
[Round "5.34"]
[White "Michna, Marta"]
[Black "Hoolt, Sarah"]
[Result "1/2-1/2"]
[WhiteTitle "WGM"]
[BlackTitle "WGM"]
[WhiteElo "2377"]
[BlackElo "2405"]
[WhiteFideId "1106686"]
[BlackFideId "24606812"]
[EventDate "2017.12.26"]

1. d4 Nf6 2. c3 d5 3. Bf4 Nbd7 4. e3 e6 5. Nd2 Be7 6. Bd3 c5 7. h3 b6 8. Ngf3
Bb7 9. a4 Ne4 10. Ne5 O-O 11. Nxd7 Qxd7 12. O-O Nxd2 13. Qxd2 c4 14. Bc2 a6 15.
Rfe1 f5 16. f3 b5 17. Re2 Bc6 18. e4 bxa4 19. exf5 exf5 20. Qd1 a3 21. bxa3 Ra7
22. a4 Rb7 23. Rb1 a5 24. Rxb7 Qxb7 25. Qb1 Qxb1+ 26. Bxb1 Ba3 27. Ra2 Be7 28.
Bc2 Bh4 29. g3 Bd8 30. Rb2 g6 31. Rb8 Kf7 32. Rc8 Bb7 1/2-1/2

[Event "World Rapid Women 2017"]
[Site "Riyadh KSA"]
[Date "2017.12.26"]
[Round "5.35"]
[White "Nguyen, Thi Mai Hung"]
[Black "Gaponenko, Inna"]
[Result "0-1"]
[WhiteTitle "WGM"]
[BlackTitle "IM"]
[WhiteElo "2321"]
[BlackElo "2435"]
[WhiteFideId "12401676"]
[BlackFideId "14101181"]
[EventDate "2017.12.26"]

1. d4 d6 2. Nf3 g6 3. g3 Bg7 4. Bg2 Nf6 5. O-O O-O 6. a4 a5 7. Re1 Nc6 8. e4 e5
9. dxe5 dxe5 10. Nc3 Bg4 11. Bg5 Qxd1 12. Nxd1 Bxf3 13. Bxf3 Nd4 14. Kg2 Nxc2
15. Nc3 Nxa1 16. Rxa1 c6 17. Be2 Rfd8 18. Be3 Bf8 19. f4 exf4 20. gxf4 Bb4 21.
Kf3 Nd7 22. Bc4 Bc5 23. Bc1 Bd4 24. e5 Nb6 25. Be2 f6 26. exf6 Bxf6 27. Ne4 Bd4
28. Ra3 Nd5 29. Rb3 Nb4 30. Ng5 Rd7 31. Bc4+ Kh8 32. Nf7+ Kg7 33. Ne5 Re7 34.
Bd2 Rd8 35. Ng4 h5 36. Ne3 Bf6 37. Bxb4 axb4 38. Rxb4 Rd2 39. b3 Rxh2 40. Bf1
Rb2 41. Nc4 Rb1 42. Bd3 Rd1 43. Be2 Re1 44. Bd3 Bc3 45. Rb6 Bd4 0-1

[Event "World Rapid Women 2017"]
[Site "Riyadh KSA"]
[Date "2017.12.26"]
[Round "5.36"]
[White "Melia, Salome"]
[Black "Bulmaga, Irina"]
[Result "0-1"]
[WhiteTitle "IM"]
[BlackTitle "IM"]
[WhiteElo "2404"]
[BlackElo "2427"]
[WhiteFideId "13602446"]
[BlackFideId "13903063"]
[EventDate "2017.12.26"]

1. b3 Nf6 2. Bb2 e6 3. e3 b6 4. f4 Bb7 5. Nf3 c5 6. g3 d5 7. Bg2 Nbd7 8. O-O Qc7
9. Qe2 Be7 10. c4 O-O 11. Nc3 Rfe8 12. Rac1 Rad8 13. d3 a6 14. Nd1 Bf8 15. Nf2
b5 16. Ne5 Nxe5 17. fxe5 Nd7 18. Ng4 dxc4 19. Bxb7 Qxb7 20. bxc4 Nb6 21. e4 bxc4
22. dxc4 Rd7 23. Rf2 Red8 24. Bc3 Na4 25. Ba5 Rb8 26. Rf3 Qb2 27. Qxb2 Rxb2 28.
Ra3 Nb6 29. Bxb6 Rxb6 30. Rb3 Rxb3 31. axb3 Rd3 32. Ra1 Rxb3 33. Rxa6 h5 34. Nf2
Rb4 35. Ra8 Rxc4 36. Kg2 g6 37. Rc8 Kg7 38. Kf3 Rc3+ 39. Ke2 c4 40. Nd1 Rc2+ 41.
Kf3 Rc1 42. Nb2 Rc3+ 43. Kf4 Be7 44. h4 Ba3 45. Rb8 Rb3 46. Rxb3 cxb3 47. Nc4
Bc1+ 48. Kf3 b2 49. Na3 Bd2 50. g4 hxg4+ 51. Kxg4 Bc3 52. Kf4 Kh6 53. Nb1 Bd4
54. Nd2 Kh5 55. Kg3 Bxe5+ 56. Kh3 Bc3 57. Nb1 Be1 0-1

[Event "World Rapid Women 2017"]
[Site "Riyadh KSA"]
[Date "2017.12.26"]
[Round "5.37"]
[White "Gevorgyan, Maria"]
[Black "Savina, Anastasia"]
[Result "1/2-1/2"]
[WhiteTitle "WIM"]
[BlackTitle "IM"]
[WhiteElo "2275"]
[BlackElo "2350"]
[WhiteFideId "13300270"]
[BlackFideId "4196872"]
[EventDate "2017.12.26"]

1. e4 e5 2. Nf3 Nc6 3. Bc4 Bc5 4. c3 Nf6 5. d3 O-O 6. O-O d5 7. exd5 Nxd5 8.
Nbd2 Bg4 9. Ne4 Be7 10. Ng3 Qd7 11. h3 Be6 12. Re1 f6 13. d4 Bf7 14. dxe5 fxe5
15. Rxe5 Nb6 16. Bxf7+ Rxf7 17. Qxd7 Nxd7 18. Re2 h6 19. Be3 Nf6 20. Rd1 b6 21.
Bf4 Bf8 22. Kf1 a5 23. a4 Nd5 24. Bc1 Nf6 25. b3 Nd7 26. Re6 Nd8 27. Re8 Rb8 28.
Ba3 Nc6 29. Rxb8 Ncxb8 30. Bxf8 Kxf8 31. Nd4 Re7 32. Ngf5 Re5 33. f4 Re4 34. Kf2
Nf6 35. Kf3 Nbd7 36. Nb5 Nc5 37. Nxc7 Nxb3 38. Rd8+ Kf7 39. Nd6+ Ke7 40. Nxe4
Kxd8 41. Ne6+ Ke7 42. Nxg7 Nxe4 43. Kxe4 Nc5+ 44. Kd4 Kf6 45. Ne8+ Kf5 46. g3
Nxa4 47. Nd6+ Ke6 48. Nc4 Kf5 49. Ne3+ Ke6 50. Kc4 Nc5 51. g4 Ne4 52. Kd4 Nf2
53. f5+ Kf7 54. h4 a4 55. Kc4 Ne4 56. Nd5 Nf2 57. g5 hxg5 58. hxg5 Ne4 59. g6+
Kg7 60. Kb4 Nd6 61. Ne3 b5 62. Kc5 Ne4+ 63. Kd4 Nd6 64. Kd5 Ne8 65. Ke6 a3 66.
Ke7 a2 67. Nc2 Nf6 68. Ke6 Ne4 69. Na1 Nc5+ 70. Kd5 Na4 71. Ke6 Nxc3 72. f6+
Kxg6 73. f7 Kg7 74. Ke7 Nd5+ 75. Kd6 Nc3 76. Ke7 Nd5+ 77. Kd6 Nf4 78. Kc5 Kxf7
79. Kxb5 Ke6 80. Kb4 1/2-1/2

[Event "World Rapid Women 2017"]
[Site "Riyadh KSA"]
[Date "2017.12.26"]
[Round "5.38"]
[White "Vijayalakshmi, Subbaraman"]
[Black "Javakhishvili, Lela"]
[Result "1-0"]
[WhiteTitle "IM"]
[BlackTitle "IM"]
[WhiteElo "2357"]
[BlackElo "2449"]
[WhiteFideId "5004098"]
[BlackFideId "13601458"]
[EventDate "2017.12.26"]

1. Nf3 g6 2. g3 Bg7 3. Bg2 c5 4. O-O Nc6 5. c4 d6 6. Nc3 e6 7. Rb1 Nge7 8. a3 b6
9. b4 Bb7 10. e3 O-O 11. d4 Nf5 12. Ne2 cxb4 13. axb4 a5 14. b5 Nb4 15. Ba3 Be4
16. Rb2 d5 17. cxd5 Nxd5 18. Qd2 Nd6 19. Rc1 Re8 20. Ne5 Bxg2 21. Kxg2 Bxe5 22.
dxe5 Nxb5 23. Bd6 Nxd6 24. exd6 f5 25. f3 Rf8 26. e4 fxe4 27. fxe4 Nb4 28. Nf4
Qf6 29. Qc3 e5 30. Qb3+ Kh8 31. Ne6 a4 32. Qxb4 Qf3+ 33. Kh3 Qh5+ 34. Kg2 Qf3+
35. Kh3 Qh5+ 36. Kg2 Qf3+ 37. Kg1 Qe3+ 38. Kg2 Qxc1 39. Qb5 a3 40. Qxe5+ 1-0

[Event "World Rapid Women 2017"]
[Site "Riyadh KSA"]
[Date "2017.12.26"]
[Round "5.39"]
[White "Karavade, Eesha"]
[Black "Gu, Xiaobing"]
[Result "1-0"]
[WhiteTitle "IM"]
[BlackTitle "WGM"]
[WhiteElo "2384"]
[BlackElo "2332"]
[WhiteFideId "5012600"]
[BlackFideId "8602611"]
[EventDate "2017.12.26"]

1. Nf3 Nf6 2. c4 g6 3. b3 Bg7 4. Bb2 d6 5. d4 O-O 6. g3 Nbd7 7. Bg2 e5 8. dxe5
Ng4 9. Nc3 Ngxe5 10. Nxe5 dxe5 11. O-O Re8 12. Qc2 c6 13. Ne4 Qc7 14. Rad1 Nf8
15. Nd6 Rd8 16. c5 Be6 17. Rd2 Nd7 18. Rfd1 Rab8 19. h4 Qa5 20. Nc4 Bxc4 21.
Qxc4 Nf8 22. Bc3 Qc7 23. Rd6 Ne6 24. e3 Bf8 25. Bxe5 Bxd6 26. Rxd6 Qe7 27. Qc3
Re8 28. Bf6 Qf8 29. b4 Nc7 30. Rd7 Nd5 31. Bxd5 cxd5 32. Rxd5 Rbc8 33. Rd7 b6
34. c6 b5 35. c7 h5 36. a3 Kh7 37. Qd4 a5 38. bxa5 Kg8 39. Qb4 Qh6 40. Qxb5 Rxe3
41. Rd8+ Kh7 42. Rxc8 Rxg3+ 43. Kh2 1-0

[Event "World Rapid Women 2017"]
[Site "Riyadh KSA"]
[Date "2017.12.26"]
[Round "5.41"]
[White "Rapport, Jovana"]
[Black "Nechaeva, Marina"]
[Result "0-1"]
[WhiteTitle "WGM"]
[BlackTitle "IM"]
[WhiteElo "2299"]
[BlackElo "2424"]
[WhiteFideId "937266"]
[BlackFideId "4149351"]
[EventDate "2017.12.26"]

1. d4 d5 2. Nc3 c5 3. Bf4 Nc6 4. e3 cxd4 5. exd4 Bf5 6. Bb5 e6 7. Nf3 Nf6 8. O-O
Be7 9. Ne5 Rc8 10. Ne2 Qb6 11. Bxc6+ bxc6 12. Ng3 Bg6 13. Rb1 O-O 14. Bg5 Qb7
15. h4 Be4 16. b4 Rfd8 17. f3 Bg6 18. Ne2 Ne8 19. Qd2 Nd6 20. g4 f6 21. Nxg6
hxg6 22. Bf4 Nc4 23. Qd3 e5 24. Bg3 Bd6 25. Qxg6 Nd2 26. dxe5 fxe5 27. Kg2 Nxb1
28. Rxb1 Qf7 29. Qd3 Rb8 30. c3 Qe6 31. Qc2 Rf8 32. Re1 Qf6 33. Ng1 Rbe8 34. Re3
e4 35. g5 Qf5 36. Qf2 Bxg3 37. Qxg3 exf3+ 38. Rxf3 Qe4 39. h5 Re5 40. Kh2 Ref5
41. Rxf5 Rxf5 42. h6 Qe7 43. Qb8+ Kh7 44. hxg7 Kxg7 0-1

[Event "World Rapid Women 2017"]
[Site "Riyadh KSA"]
[Date "2017.12.26"]
[Round "5.42"]
[White "Ovod, Evgenija"]
[Black "Li, Ruofan"]
[Result "1-0"]
[WhiteTitle "IM"]
[BlackTitle "IM"]
[WhiteElo "2364"]
[BlackElo "2351"]
[WhiteFideId "4131827"]
[BlackFideId "8600643"]
[EventDate "2017.12.26"]

1. d4 d5 2. Bf4 Nf6 3. e3 c5 4. c3 Nc6 5. Nd2 e6 6. Ngf3 Bd6 7. Bg3 b6 8. Bb5
Bb7 9. Qa4 Qc7 10. Bxd6 Qxd6 11. Ne5 Rc8 12. Qxa7 Qc7 13. dxc5 bxc5 14. Nxc6
Bxc6 15. Qxc5 Nd7 16. Qxc6 Qxc6 17. Bxc6 Rxc6 18. Nb3 Ke7 19. Nd4 Rb6 20. b4 e5
21. Nb3 Nf6 22. f3 Rc8 23. Kd2 Rbc6 24. Rhc1 Rc4 25. a4 Rd8 26. a5 d4 27. exd4
Nd5 28. Kd3 Rc7 29. g3 exd4 30. Nxd4 Kf6 31. Rab1 Rcd7 32. Rd1 Rc8 33. c4 Ne7
34. Rd2 g6 35. c5 Nc6 36. Kc3 Nxa5 37. Nb3 Rxd2 38. Nxd2 Nb7 39. Nb3 Nd6 40. Nd4
Nb7 41. c6 Ke5 42. b5 Kd5 43. b6 f5 44. Rb5+ Kd6 45. Kc4 Nd8 46. Rd5+ Ke7 47. c7
Nb7 48. Kb5 Nd6+ 49. Kc6 Ne8 50. Rd7+ 1-0

[Event "World Rapid Women 2017"]
[Site "Riyadh KSA"]
[Date "2017.12.26"]
[Round "5.44"]
[White "Arakhamia-Grant, Ketevan"]
[Black "Kovanova, Baira"]
[Result "0-1"]
[WhiteTitle "GM"]
[BlackTitle "WGM"]
[WhiteElo "2350"]
[BlackElo "2367"]
[WhiteFideId "13600168"]
[BlackFideId "4164083"]
[EventDate "2017.12.26"]

1. e4 e5 2. Nf3 d6 3. d4 exd4 4. Nxd4 Nf6 5. Nc3 Be7 6. Bc4 O-O 7. O-O a6 8. a4
h6 9. Re1 Re8 10. Ba2 c5 11. Nf5 Bf8 12. Bf4 Bxf5 13. exf5 Rxe1+ 14. Qxe1 Nc6
15. Rd1 Nd4 16. Qd2 Qb6 17. Rb1 Re8 18. h3 Qb4 19. Qd3 Nxc2 20. Nd5 Nxd5 21.
Qxd5 Re1+ 22. Rxe1 Qxe1+ 23. Kh2 Qe7 24. Bc4 Nb4 25. Qd2 Qe4 26. b3 d5 27. Be2
Qxf5 28. Bg3 d4 29. Bc4 d3 30. Qe3 Qd7 31. Bf4 b5 32. axb5 axb5 33. Bxb5 Qxb5
34. Qg3 Qd7 0-1

[Event "World Rapid Women 2017"]
[Site "Riyadh KSA"]
[Date "2017.12.26"]
[Round "5.46"]
[White "Gara, Anita"]
[Black "Szczepkowska, Karina"]
[Result "0-1"]
[WhiteTitle "IM"]
[BlackTitle "IM"]
[WhiteElo "2367"]
[BlackElo "2419"]
[WhiteFideId "709751"]
[BlackFideId "1122681"]
[EventDate "2017.12.26"]

1. e4 e5 2. Nf3 Nc6 3. Nc3 Nf6 4. d4 Bb4 5. Nxe5 Qe7 6. Qd3 Nxe5 7. dxe5 Qxe5 8.
Bd2 O-O 9. f4 Qe6 10. O-O-O Bxc3 11. Bxc3 Qxe4 12. Qb5 Qxf4+ 13. Kb1 c6 14. Qa5
b6 15. Qa3 Ne4 16. Be1 d5 17. g3 Qg4 18. Qd3 Bf5 19. Be2 Qg6 20. g4 Bxg4 21. Bb4
Bxe2 22. Qxe2 Rfe8 23. Qf3 a5 24. Be1 a4 25. a3 Re6 26. Bg3 Rae8 27. Bc7 b5 28.
Bb6 Rf6 29. Qh3 Qf5 30. Qd3 Nf2 31. Rhe1 Ree6 32. Qg3 h5 33. Rf1 Re2 34. Rd3
Nxd3 35. Rxf5 Re1+ 36. Ka2 Nc1+ 37. Kb1 Rfe6 38. Qb8+ Kh7 39. Rxh5+ Kg6 40. Qg3+
Kxh5 41. Bf2 Ne2+ 42. Bxe1 Nxg3 43. Bxg3 Kg4 44. Kc1 f5 45. Kd2 f4 46. Bf2 Kf3
47. Bc5 g5 48. b3 g4 0-1